European Golden Boy Winners - Statistics

General Stats
  • This quiz has been taken 677 times
    313 since last reset
  • The average score is 17 of 23
Answer Stats
Answer % Correct
Erling Haaland
97%
Lamine Yamal
97%
Jude Bellingham
96%
Pedri
95%
Desire Doue
94%
Kylian Mbappe
94%
Gavi
92%
Joao Felix
91%
Lionel Messi
90%
Matthijs de Ligt
85%
Paul Pogba
79%
Wayne Rooney
78%
Anthony Martial
71%
Renato Sanches
69%
Mario Balotelli
67%
Cesc Fabregas
66%
Mario Gotze
63%
Raheem Sterling
63%
Alexandre Pato
60%
Sergio Aguero
60%
Isco
53%
Anderson
46%
Rafael van der Vaart
35%
No matching quizzes found
Score Distribution
Percent of People with Each Score
Percentile by Number Answered
Your Score History
You have not taken this quiz since the last reset